| 000 | 00783nas a2200229 i 4500 | ||
|---|---|---|---|
| 001 | 1710 | ||
| 003 | ES-MaACL | ||
| 005 | 20250721062537.0 | ||
| 007 | t| | ||
| 008 | 950801c1886 xxu | | 1 ||ng d | ||
| 080 | _a73 | ||
| 245 | 0 | 4 |
_aThe Quarterly journal of economics / _cpublished for Harvard University. |
| 260 |
_aBoston : _bGeorg H. Ellis, _c1886- |
||
| 300 |
_a26 v. ; _c25 cm. |
||
| 310 | _aTrimestral | ||
| 362 | 0 | _aV. I (1886)- | |
| 500 | _aFecha de inicio de la publicación tomada de : Ulrich's international periodicals directory. 14th ed. 1971-72. | ||
| 650 | 1 | 7 |
_aEconomÃa _2embne _912006 |
| 852 |
_aES-MaACL _jHem-355 |
||
| 866 | 0 | _o1892-1906(1906f.n.1)(1907f.n.2y3)1908-13(1914f.n.1)(1915f.n.1)(1916f.2-4),1933-34(1935f.n.4)1936. | |
| 999 |
_c1710 _d1710 |
||